The divine touch (Record no. 91014)

MARC details
000 -LEADER
fixed length control field 00420nam a2200145 4500
005 - DATE AND TIME OF LATEST TRANSACTION
control field 20150123110132.0
008 - FIXED-LENGTH DATA ELEMENTS--GENERAL INFORMATION
fixed length control field 150123b xxu||||| |||| 00| 0 eng d
040 ## - CATALOGING SOURCE
Original cataloging agency dpl
245 04 - TITLE STATEMENT
Title The divine touch
260 ## - PUBLICATION, DISTRIBUTION, ETC. (IMPRINT)
Place of publication, distribution, etc Puducherry
Name of publisher, distributor, etc Sri Aurobindo society
300 ## - PHYSICAL DESCRIPTION
Extent v.
Other physical details 20cm.
310 ## - CURRENT PUBLICATION FREQUENCY
Current publication frequency Monthly
270 ## - ADDRESS
Address 11 Saint Martin Street,
City Puducherry
Country India
Postal code 605001
Telephone number 0413-2336396
Electronic mail address info@aurosociety.org
942 ## - ADDED ENTRY ELEMENTS (KOHA)
Source of classification or shelving scheme Dewey Decimal Classification
Item type Periodicals
Serial record 1
Holdings
Withdrawn status Lost status Source of classification or shelving scheme Damaged status Not for loan Collection code Home library Current library Date acquired Total Checkouts Date last seen Price effective from Koha item type
    Dewey Decimal Classification   Not For Loan Non-fiction D.B.Act.Division D.B.Act.Division 23/01/2015   23/01/2015 23/01/2015 Periodicals

© Delhi Public Library
Hit Counter
free hit counter